[Event "SWE-ch"]
[Site "Stockholm"]
[Date "1987.??.??"]
[Round "?"]
[White "Wessman, Richard"]
[Black "Cramling, Pia"]
[Result "1/2-1/2"]
[WhiteElo "2245"]
[BlackElo "2455"]

1.d4 Nf6 2.c4 c6 3.Nc3 d5 4.Nf3 dxc4 5.a4 Bf5 6.e3 e6 7.Bxc4 Bb4 8.O-O Nbd7
9.Qb3 a5 10.Na2 Be7 11.Nh4 Bg4 12.f3 Bh5 13.g4 Nd5 14.Ng2 Bg6 15.e4 N5b6
16.Be2 O-O 17.Be3 Bd6 18.Nc3 Bb4 19.Rad1 Qe7 20.Kh1 f6 21.Bd3 Bf7 22.Qc2 e5
23.Ne2 Rac8 24.Ng3 g6 25.f4 exd4 26.Bxd4 c5 27.Be3 c4 28.Be2 c3 29.Bb5 cxb2
30.Qxb2 Nc5 31.g5 fxg5 32.f5 Nc4 33.Bxc5 Rxc5 34.Qd4 Ne5 35.Ne3 Bc3 36.Qd6 Qxd6
37.Rxd6 Nc4 38.Bxc4 Bxc4 39.Nxc4 Rxc4 40.Rb1 Bb4 41.Rd7 Rf7 42.Rbd1 Rxd7
43.Rxd7 gxf5 44.exf5 b6 45.f6 Rf4 46.Nh5 Rf5 47.Rg7+ Kf8 48.Rxh7 Bc3 49.Rb7 Bd4
50.Rd7 Bc5 51.h3 Rf2 52.Rb7 Bd4 53.Rd7 Bxf6 54.Kg1 Rf5 55.Nxf6 Rxf6 56.Rb7 Ke8
57.Kg2 Kd8 58.Kg3 Kc8 59.Rg7 Rf4 60.Rxg5 Rxa4 61.h4 Ra1 62.h5 a4 63.Kg2 a3
64.h6 a2 65.Rg8+ Kb7 66.h7 Rg1+ 67.Kxg1 a1=Q+ 68.Kg2 Qb2+ 69.Kh3  1/2-1/2

[Event "Tbilisi"]
[Site "Tbilisi"]
[Date "1987.??.??"]
[Round "?"]
[White "Hoi, Carsten"]
[Black "Drasko, Milan"]
[Result "1/2-1/2"]
[WhiteElo "2355"]
[BlackElo "2465"]

1.d4 d5 2.c4 c6 3.Nf3 Nf6 4.Nc3 dxc4 5.a4 Bf5 6.e3 e6 7.Bxc4 Bb4 8.O-O Nbd7
9.Qe2 Bg4 10.h3 Bxf3 11.Qxf3 O-O 12.Rd1 e5 13.d5 Bxc3 14.dxc6 e4 15.Qe2 bxc6
16.bxc3 Qc7 17.Ba3 c5 18.Bd5 Rac8 19.Qc2 Rfe8 20.c4 Nb6 21.Rd2 Nfxd5 22.cxd5 Qb7
23.Rad1 Qa6 24.d6 Nd7 25.Rd5 Rc6 26.Bb2 Re6 27.Rg5 f5 28.Rg4 Rcxd6 29.Rxd6 Qxd6
30.Rxe4 Rxe4 31.Qxe4 Qd1+ 32.Kh2 Qb3 33.Bc3 Kf8 34.Be1 g6 35.f4 h5 36.Qa8+ Ke7
37.Qxa7 Qxe3 38.Bh4+ Kd6 39.a5 Qd3 40.Bd8 Qe4 41.Bc7+  1/2-1/2

[Event "Toronto"]
[Site "Toronto"]
[Date "1987.??.??"]
[Round "?"]
[White "Stone, Raymond"]
[Black "Costigan, Richard"]
[Result "1/2-1/2"]
[WhiteElo "2340"]
[BlackElo "2375"]

1.d4 Nf6 2.c4 c6 3.Nc3 d5 4.Nf3 dxc4 5.a4 Bf5 6.Ne5 Na6 7.e3 Nb4 8.Bxc4 e6
9.O-O Be7 10.Qe2 h6 11.e4 Bh7 12.Rd1 O-O 13.Bf4 Qa5 14.Kh1 Rad8 15.Bb3 Rde8
16.Nc4 Qd8 17.a5 Kh8 18.Ra4 Ng8 19.Ne5 f6 20.Nf3 Qc8 21.Qc4 f5 22.exf5 Nd5
23.Bg3 Bxf5 24.Raa1 Ngf6 25.Ne5 Ng4 26.a6 Nxe5 27.axb7 Qxb7 28.Bxe5 Bh4 29.Rf1 Bg6
30.Kg1 Bf6 31.Bd6 Be7 32.Bxe7 Rxe7 33.Na4 Nf4 34.Nc5 Qb8 35.Bc2 Qxb2 36.Bxg6 Nxg6
37.Nxe6 Rxf2 38.Rxf2 Qxa1+ 39.Rf1 Qa3 40.Rf3 Qa1+ 41.Rf1 Qa3 42.Nd8 Qe3+
43.Kh1 Qe4 44.Qxc6 Qxd4 45.Qxg6 Qxd8 46.h3 Qe8 47.Qxe8+ Rxe8 48.Ra1 Re7 49.Kh2 Kg8
50.Kg3 Kf7 51.Ra6 Ke8 52.Kg4 Kd8 53.Kf5 Rb7 54.h4 Rb5+ 55.Kf4 Rb7 56.Kf5 Kc8
57.Ra1 Rc7 58.Kg6 Kb7 59.Rb1+ Ka6 60.g4 Ka5 61.g5  1/2-1/2

[Event "Trnava"]
[Site "Trnava"]
[Date "1987.??.??"]
[Round "?"]
[White "Kouatly, Bachar"]
[Black "Meduna, Eduard"]
[Result "1/2-1/2"]
[WhiteElo "2440"]
[BlackElo "2515"]

1.d4 d5 2.c4 c6 3.Nc3 Nf6 4.Nf3 dxc4 5.a4 Bf5 6.e3 e6 7.Bxc4 Nbd7 8.O-O Bb4
9.Qe2 O-O 10.e4 Bg6 11.Bd3 Bh5 12.Bf4 e5 13.dxe5 Ng4 14.Qc2 Qa5 15.Na2 Rfe8
16.Be2 Bg6 17.Bg3 h6 18.Nh4 Ngxe5 19.f4 Qc5+ 20.Qxc5 Bxc5+ 21.Kh1 Bxe4 22.fxe5 Nxe5
23.Nc3 Bd3 24.Rae1 Bxe2 25.Rxe2 Nc4 26.Rfe1 Rxe2 27.Rxe2 Rd8 28.Nf3 f5 29.Bf2 Bb4
30.h4 a6 31.Be1 Bd6 32.Nd4 f4 33.Ne6  1/2-1/2

[Event "Tirnavia-B"]
[Site "Trnava"]
[Date "1987.??.??"]
[Round "3"]
[White "Szymczak, Zbigniew"]
[Black "Raicevic, Momcilo"]
[Result "1/2-1/2"]
[WhiteElo "2390"]
[BlackElo "2390"]

1.d4 c6 2.c4 d5 3.Nc3 Nf6 4.Nf3 dxc4 5.a4 Bf5 6.e3 e6 7.Bxc4 Bb4 8.O-O Nbd7
9.Qe2 O-O 10.e4 Bg6 11.Bd3 Bh5 12.Bf4 Re8  1/2-1/2

[Event "Tirnavia-B"]
[Site "Trnava"]
[Date "1987.??.??"]
[Round "5"]
[White "Cervenka, Imrich"]
[Black "Raicevic, Momcilo"]
[Result "0-1"]
[WhiteElo "2250"]
[BlackElo "2390"]

1.d4 d5 2.c4 c6 3.Nf3 Nf6 4.Nc3 dxc4 5.a4 Bf5 6.Ne5 e6 7.f3 Bb4 8.Nxc4 O-O
9.Bg5 h6 10.Bh4 c5 11.dxc5 Qxd1+ 12.Rxd1 Bc2 13.Rc1 Bxa4 14.Ra1 Bb3 15.Nb6 Nd5
16.Nxa8 Nxc3 17.e3 Nd5+ 18.Ke2 Nc6 19.Bg3 Rxa8 20.Bd6 Nde7 21.Rc1 Nf5 22.Bg3 Rd8
23.Be1 Bxe1 24.Rxe1 Bc4+ 25.Kf2 Rd2+ 26.Be2 Rxb2 27.g4 Nh4 28.Rhg1 Ne5 29.Kg3 Bxe2  0-1

[Event "Uzhgorod"]
[Site "Uzhgorod"]
[Date "1987.??.??"]
[Round "?"]
[White "Gelfand, Boris"]
[Black "Dokhoian, Yury"]
[Result "1-0"]
[WhiteElo "2470"]
[BlackElo "2530"]

1.d4 d5 2.c4 c6 3.Nf3 Nf6 4.Nc3 dxc4 5.a4 Bf5 6.Ne5 e6 7.f3 Bb4 8.Nxc4 O-O
9.Bg5 h6 10.Bh4 c5 11.dxc5 Qxd1+ 12.Rxd1 Bc2 13.Rd2 Bb3 14.e4 Na6 15.Bf2 Bxc4
16.Bxc4 Nxc5 17.Bxc5 Bxc5 18.e5 Nh7 19.Ke2 Rfd8 20.Rhd1 Rxd2+ 21.Rxd2 Nf8
22.f4 Rc8 23.Ne4 Be7 24.b3 Rc7 25.Nd6 a6 26.Kf3 Rd7 27.Ke4 Rc7 28.Ke3 Rd7
29.a5 g6 30.Be2 f6 31.Rd4 fxe5 32.fxe5 Bd8 33.Nc4 Be7 34.Nd6 Bd8 35.b4 b6
36.Nc4 bxa5 37.bxa5 Be7 38.Nd6 Bd8 39.Ra4 Rc7 40.Kd4 Rc2 41.Bxa6 Rxg2 42.Bc4 Rxh2
43.a6 Bb6+ 44.Kd3 Rh3+ 45.Kc2 Rh2+ 46.Kc3 Rh3+ 47.Kb4 Re3 48.Nc8 Bd4 49.Ne7+ Kf7
50.Nc6 Bc3+ 51.Kb5 Re1 52.a7 Rb1+ 53.Nb4 Bxb4 54.Rxb4  1-0

[Event "Warsaw zt-B"]
[Site "Warsaw"]
[Date "1987.??.??"]
[Round "?"]
[White "Farago, Ivan"]
[Black "Pekarek, Ales"]
[Result "1/2-1/2"]
[WhiteElo "2535"]
[BlackElo "2480"]

1.d4 d5 2.c4 dxc4 3.Nf3 Nf6 4.Nc3 c6 5.a4 Bf5 6.e3 e6 7.Bxc4 Bb4 8.O-O Nbd7
9.Nh4 Bg6 10.Nxg6 hxg6 11.h3 a5 12.e4 Bxc3 13.bxc3 Nxe4 14.Qf3 Nd6 15.Ba2 Nf6
16.Ba3 Qd7 17.c4 O-O 18.d5 cxd5 19.cxd5 e5 20.Rab1 Ra6 21.Bb3 Rc8 22.Rfc1 Rxc1+
23.Rxc1 Nf5 24.Qc3 Nd4 25.Qc8+ Qxc8 26.Rxc8+ Kh7 27.Bc4 Rb6 28.d6 Rb1+ 29.Kh2 Ra1
30.Bb2 Rxa4 31.f4 b5 32.Bxf7 exf4 33.Rc7 Kh6 34.d7 Nxd7 35.Rxd7 Nf5 36.Be6 Re4
37.Bxf5 gxf5 38.Rd5 f3 39.Bc1+ f4 40.Rd3 fxg2 41.Kxg2 Rc4 42.Bd2 b4 43.Kf3 g5
44.Kg4 Rc5 45.Rd6+ Kg7 46.Rb6 Kf7 47.Bxb4 axb4 48.Rxb4 Rc3  1/2-1/2

[Event "Zenica"]
[Site "Zenica"]
[Date "1987.??.??"]
[Round "?"]
[White "Garcia Palermo, Carlos"]
[Black "Smagin, Sergey"]
[Result "1/2-1/2"]
[WhiteElo "2530"]
[BlackElo "2505"]

1.d4 Nf6 2.c4 c6 3.Nc3 d5 4.Nf3 dxc4 5.a4 Bf5 6.e3 e6 7.Bxc4 Bb4 8.O-O Nbd7
9.Nh4 Bg4 10.f3 Bh5 11.g4 Nd5 12.Ng2 Bg6 13.Qb3 Qb6  1/2-1/2

[Event "Zug"]
[Site "Zug"]
[Date "1987.??.??"]
[Round "9"]
[White "Miralles, Gilles"]
[Black "Cuijpers, Frans Andre"]
[Result "1-0"]
[WhiteElo "2425"]
[BlackElo "2410"]

1.d4 d5 2.c4 c6 3.Nf3 Nf6 4.Nc3 dxc4 5.a4 Bf5 6.e3 e6 7.Bxc4 Bb4 8.O-O Nbd7
9.Nh4 Bg6 10.f3 Nd5 11.Nxg6 hxg6 12.Qe1 Qc7 13.g3 a5 14.e4 N5b6 15.Bb3 e5
16.Be3 exd4 17.Bxd4 Bc5 18.Rd1 Qe5 19.Qf2 f6 20.f4 Qe7 21.e5 fxe5 22.fxe5 Rf8
23.Qxf8+ Nxf8 24.Bf7+ Qxf7 25.Bxc5 Nfd7 26.Rxf7 Kxf7 27.Ne4 Ke6 28.Bd4 c5
29.Bxc5 Kxe5 30.Bxb6 Nxb6 31.Nc5 Rb8 32.Rd7 Rc8 33.Rxb7 Nd5 34.Rb5 Kd4 35.Ne6+ Ke4
36.Ng5+ Kd4 37.Kg2 Ne3+ 38.Kf3 Rf8+ 39.Ke2 Re8 40.Nf3+ Kc4 41.Re5  1-0

[Event "Aarhus-B"]
[Site "Aarhus"]
[Date "1988.??.??"]
[Round "4"]
[White "Rewitz, Poul"]
[Black "Jelling, Erik"]
[Result "0-1"]
[WhiteElo "2245"]
[BlackElo "2350"]

1.d4 d5 2.c4 c6 3.Nc3 Nf6 4.Nf3 dxc4 5.a4 Bf5 6.e3 e6 7.Bxc4 Bb4 8.O-O O-O
9.Qb3 Qb6 10.Ne5 Bd6 11.a5 Qc7 12.f4 Nbd7 13.Bd2 Ne4 14.Be1 Nxc3 15.bxc3 Be4
16.Be2 c5 17.Nc4 Nf6 18.Nxd6 Qxd6 19.Bh4 Nd7 20.Bf3 Qc6 21.Qa4 Bxf3 22.gxf3 b5
23.axb6 Qxa4 24.Rxa4 Nxb6 25.Ra6 Rfc8 26.e4 cxd4 27.cxd4 Rc3 28.Rb1 Nc8 29.Kg2 Rc7
30.Bf2 Re7 31.Rb2 Kf8 32.Be1 Ke8 33.Ba5 Rd7 34.Rd2 Rb8 35.Bc3 Rb6 36.Rxb6 Nxb6
37.Bb4 Rb7 38.Ra2 Nd7 39.Bd2 f6 40.Kf2 Kf7 41.Ke2 f5 42.Kd3 Nf6 43.Ra5 Rb3+
44.Kc4 Rxf3 45.exf5 exf5 46.Rxf5 Rf2 47.Bb4 Rxh2 48.Ra5 Rc2+ 49.Kd3 Rc7 50.Bc5 Nd5
51.Bd6 Rd7 52.Ra6 Ke6 53.Bb8+ Kf5 54.Kc4 Nxf4 55.Bxa7 h5 56.Kc5 h4 57.Kc6 Rd5
58.Ra3 g5 59.Rf3 Ke4 60.Rf1 h3 61.Re1+ Kf3 62.Rf1+ Kg2 63.Rd1 h2 64.Rd2+ Kh3
65.Rd1 g4 66.Bb8 Rxd4  0-1

[Event "NOR-ch"]
[Site "Asker"]
[Date "1988.??.??"]
[Round "8"]
[White "Ostenstad, Berge"]
[Black "Elseth, Roar"]
[Result "1/2-1/2"]
[WhiteElo "2405"]
[BlackElo "2300"]

1.Nf3 d5 2.d4 c6 3.c4 Nf6 4.Nc3 dxc4 5.a4 Bf5 6.e3 e6 7.Bxc4 Bb4 8.O-O O-O
9.Qe2 Ne4 10.Nxe4 Bxe4 11.Bd3 Bxd3 12.Qxd3 c5 13.Qb3 Qe7 14.e4 cxd4 15.Nxd4 Bc5
16.Be3 Rd8  1/2-1/2

[Event "Augsburg"]
[Site "Augsburg"]
[Date "1988.??.??"]
[Round "?"]
[White "Hertneck, Gerald"]
[Black "Meduna, Eduard"]
[Result "1-0"]
[WhiteElo "2435"]
[BlackElo "2460"]

1.d4 Nf6 2.Nf3 d5 3.c4 c6 4.Nc3 dxc4 5.a4 Bf5 6.Ne5 Nbd7 7.Nxc4 e6 8.g3 Bb4
9.Bg2 Be4 10.f3 Bg6 11.O-O Nb6 12.Ne5 Bc2 13.Qd2 Bxa4 14.Qd3 Bc2 15.Qd2 Bb3
16.Qd3 Nfd7 17.Ne4 Bd5 18.Nxd7 Qxd7 19.Nc5 Qe7 20.b3 e5 21.e4 exd4 22.Nxb7 Be6
23.Qxd4 O-O 24.Bb2 f6 25.Rfc1 Bxb3 26.Nc5 Bxc5 27.Rxc5 Rfd8 28.Qc3 Ba4 29.Bf1 Kh8
30.e5 f5 31.e6 Rd5 32.Rxd5 cxd5 33.Qe5 Re8 34.Bd4 Bb3 35.Bb5 Rg8 36.Rxa7 Qxa7
37.e7  1-0

[Event "Baku"]
[Site "Baku"]
[Date "1988.??.??"]
[Round "?"]
[White "Malaniuk, Vladimir P"]
[Black "Palatnik, Semon"]
[Result "1-0"]
[WhiteElo "2520"]
[BlackElo "2500"]

1.d4 d5 2.c4 c6 3.Nf3 Nf6 4.Nc3 dxc4 5.a4 Bf5 6.Ne5 e6 7.f3 Bb4 8.e4 Bxe4
9.fxe4 Nxe4 10.Bd2 Qxd4 11.Nxe4 Qxe4+ 12.Qe2 Bxd2+ 13.Kxd2 Qd5+ 14.Kc2 Nd7
15.Nxd7 Qxd7 16.Rd1 Qe7 17.Qxc4 O-O 18.Be2 Rad8 19.Bf3 b5 20.axb5 cxb5 21.Qxb5 Rb8
22.Qe5 Qb4 23.Kb1 Rb5 24.Qd4 Qa5 25.Rd2 Rb4 26.Qc3 Rfb8 27.Rhd1 Qf5+ 28.Kc1 Qg5
29.h4 Qxh4 30.Kb1 h6 31.Qc7 Qf6 32.Rd8+ Kh7 33.Qc2+ g6 34.Rxb8 Rxb8 35.Rd7 a5
36.Ra7 Rb5 37.Bc6 Qf1+ 38.Ka2 Rf5 39.Qc3 Qf4 40.Ra8 Qe5 41.Kb3 Qxc3+ 42.bxc3 Rc5
43.Be8 Kg7 44.Ra7 Rc8 45.Bd7 Rb8+ 46.Ka4 Kf6 47.Kxa5 Rb2 48.Bc6 Ra2+ 49.Kb6 Rc2
50.Ra3 Ke5 51.Kc5 f5 52.c4 f4 53.Ra8 h5 54.Rg8 Kf5 55.Kd4 Rd2+ 56.Kc3 Ra2
57.c5 g5 58.Bb5  1-0

[Event "Balatonbereny op"]
[Site "Balatonbereny"]
[Date "1988.??.??"]
[Round "1"]
[White "Mikhalchishin, Adrian"]
[Black "Dorner, Matthias"]
[Result "1/2-1/2"]
[WhiteElo "2490"]
[BlackElo "2295"]

1.Nf3 d5 2.d4 Nf6 3.c4 c6 4.Nc3 dxc4 5.a4 Bf5 6.Ne5 Nbd7 7.Nxc4 Qc7 8.g3 e5
9.dxe5 Nxe5 10.Bf4 Rd8 11.Qc1 Bd6 12.Nxd6+ Qxd6 13.Bg2 a5 14.O-O O-O 15.b3 Qc5
16.Qb2 Rfe8 17.Rac1 Qe7 18.Rfd1 Ng6 19.Be3 Rxd1+ 20.Rxd1 Rd8 21.Rxd8+ Qxd8
22.h3 Qd6 23.Bd2 Be6 24.Nb1 Qc5 25.b4 axb4 26.Bxb4 Qc4 27.Na3 Qa6 28.a5 Bd5
29.Bf1 Qa7  1/2-1/2

[Event "Balatonbereny op"]
[Site "Balatonbereny"]
[Date "1988.??.??"]
[Round "9"]
[White "Petran, Pal"]
[Black "Horvath, Csaba"]
[Result "1-0"]
[WhiteElo "2420"]
[BlackElo "2445"]

1.d4 d5 2.c4 c6 3.Nc3 Nf6 4.Nf3 dxc4 5.a4 Bf5 6.Ne5 e6 7.f3 Bb4 8.e4 Bxe4
9.fxe4 Nxe4 10.Bd2 Qxd4 11.Nxe4 Qxe4+ 12.Qe2 Bxd2+ 13.Kxd2 Qh4 14.Qe3 Nd7
15.Nxd7 O-O-O 16.Kc3 Rxd7 17.Bxc4 Rhd8 18.Rac1 Rd2 19.Rhf1 R8d4 20.Rxf7 Qd8
21.Qxe6+ Kb8 22.Qe5+ Ka8 23.b3 a5 24.Rf3 g5 25.Rcf1 Qb6 26.Rf8+ Rd8 27.Rxd8+ Rxd8
28.Kc2 Ka7 29.Qc3 Qc5 30.Rf3 Rd4 31.Rd3 Rf4 32.Rd2 Kb6 33.g3 Rf8 34.Qd4 Qxd4
35.Rxd4 Rf2+ 36.Rd2 Rf3 37.Re2 Kc5 38.Re5+ Kd4 39.Rxg5 Rf2+ 40.Kd1 Rxh2 41.Rg7 b6
42.Ke1 Ke3 43.Kf1 Kf3 44.Ke1 Rh1+ 45.Kd2 h5 46.Rg6 Rh2+ 47.Kd3 Rg2 48.Rxc6 Rxg3
49.Rxb6 h4 50.Rh6 h3 51.Kd4 Kg2 52.Bd5+ Kg1 53.Rc6 h2 54.Rc1+ Kf2 55.Rh1 Rh3
56.Kc5 Kg3 57.Kb6 Rh5 58.Bc6 Rh6  1-0

[Event "Barcelona Vulca"]
[Site "Barcelona"]
[Date "1988.??.??"]
[Round "7"]
[White "Bellon Lopez, Juan Manuel"]
[Black "Gual Pascual, Antonio"]
[Result "0-1"]
[WhiteElo "2445"]
[BlackElo "2385"]

1.d4 d5 2.c4 c6 3.Nf3 Nf6 4.Nc3 dxc4 5.a4 Bf5 6.Nh4 Bc8 7.e3 e5 8.Nf3 exd4
9.Nxd4 Bd6 10.Bxc4 O-O 11.h3 Bc7 12.O-O Nbd7 13.Qc2 Ne5 14.Be2 Ng6 15.Nf5 Ne7
16.Nh4 Ned5 17.Rd1 Qe7 18.Nxd5 Nxd5 19.Nf3 a5 20.Rd4 Nb4 21.Qc3 Be6 22.Bc4 Rad8
23.Bd2 Rxd4 24.Nxd4 Qd6 25.f4 Bxc4 26.Qxc4 Bb6 27.Kh1 Re8 28.Bxb4 Qxb4 29.Qxb4 axb4
30.Nf5 Bc5 31.Rc1 Bf8 32.Re1 g6 33.Ng3 Rd8 34.Ne4 f5 35.Ng5 Rd2 36.e4 fxe4
37.b3 Rd3 38.Rxe4 Rxb3 39.Re8 h6 40.Ne4 Kf7 41.Rb8 Re3 42.Rxb7+ Ke6 43.Nd2 Bd6
44.Kg1 Kd5 45.a5 Rd3 46.Nf3 Ra3 47.Ne5 Rxa5 48.Rd7 b3  0-1

[Event "Barcelona Vulca"]
[Site "Barcelona"]
[Date "1988.??.??"]
[Round "8"]
[White "Rodriguez Vargas, Orestes"]
[Black "Gual Pascual, Antonio"]
[Result "1-0"]
[WhiteElo "2420"]
[BlackElo "2385"]

1.d4 Nf6 2.Nf3 d5 3.c4 c6 4.Nc3 dxc4 5.a4 Bf5 6.e3 e6 7.a5 Nbd7 8.Bxc4 b5
9.axb6 axb6 10.Rxa8 Qxa8 11.O-O Be7 12.Nh4 Bg6 13.Nxg6 hxg6 14.e4 b5 15.Bb3 b4
16.e5 bxc3 17.exf6 Nxf6 18.bxc3 O-O 19.Bg5 Nd5 20.Bxd5 Bxg5 21.Be4 Qc8 22.Qf3 c5
23.d5 exd5 24.Bxd5 Qf5 25.Qxf5 gxf5 26.Rb1 Bf6 27.c4 Re8 28.Kf1 Re7 29.Rb8+ Kh7
30.Rf8 Kg6 31.g3 Bd4 32.h4 Bf6 33.Bxf7+ Kh7 34.h5 Kh6 35.f4 g5 36.Bd5 Bd4
37.Rxf5 gxf4 38.gxf4 Ra7 39.Ke2 Ra3 40.Bf7 Re3+ 41.Kd2 Re7 42.Bg6 Kg7 43.Kd3 Re3+
44.Kc2 Re7 45.Rd5 Bf2 46.Rd6 Bd4 47.Bd3 Rf7 48.h6+  1-0

[Event "GMA-Open"]
[Site "Belgrade"]
[Date "1988.??.??"]
[Round "?"]
[White "Moskalenko, Viktor"]
[Black "Ninov, Kiril"]
[Result "1-0"]
[WhiteElo "2475"]
[BlackElo "2515"]

1.d4 d5 2.c4 c6 3.Nc3 Nf6 4.Nf3 dxc4 5.a4 Bf5 6.Nh4 Bc8 7.e3 g6 8.Bxc4 Bg7
9.O-O O-O 10.f4 Ne8 11.Nf3 Bg4 12.h3 Bxf3 13.Qxf3 Nd7 14.a5 Nd6 15.Be2 a6
16.Rd1 e6 17.Bd2 c5 18.Na4 cxd4 19.Bb4 Nf6 20.Nb6 Nd5 21.Bxd6 Qxd6 22.Nxa8 Rxa8
23.Bc4 dxe3 24.Bxd5 exd5 25.Rxd5 Qe6 26.Re1 Re8 27.Kh2 Bxb2 28.Rd3 Qf5 29.Rdxe3 Rxe3
30.Rxe3 Qxa5 31.Qxb7 Bf6 32.Re8+ Kg7 33.Qb8 Qd2 34.Rg8+ Kh6 35.Rc8 Qd4 36.Rc6 Qd8
37.Qxd8 Bxd8 38.Rxa6 Bc7 39.Kg3 Kg7 40.Kf3 h5 41.Ke4 Bb8 42.f5 f6 43.Ra5 Bg3
44.Kd5 gxf5 45.Ke6 Kg6 46.Rxf5 Bh4 47.Rf3 Bg5 48.Rg3 h4 49.Rf3  1-0

[Event "GMA-Open"]
[Site "Belgrade"]
[Date "1988.??.??"]
[Round "?"]
[White "Ubilava, Elizbar"]
[Black "Matulovic, Milan"]
[Result "1-0"]
[WhiteElo "2500"]
[BlackElo "2425"]

1.d4 d5 2.c4 dxc4 3.Nf3 Nf6 4.Nc3 c6 5.a4 Bf5 6.Nh4 Bc8 7.e3 e6 8.Bxc4 c5
9.Nf3 Nc6 10.O-O cxd4 11.exd4 Be7 12.Be3 O-O 13.Ne5 Nd5 14.Nxc6 bxc6 15.Qe2 Rb8
16.Rfc1 Nxe3 17.fxe3 c5 18.d5 exd5 19.Nxd5 Bd6 20.Rf1 Be6 21.Rad1 Qg5 22.Rd2 Rbd8
23.Nf4 Bxf4 24.exf4 Rxd2 25.Qxd2 Qf6 26.Bxe6 fxe6 27.Qe3 Qd4 28.Qxd4 cxd4
29.Rf3 Rc8 30.Rd3 Rc1+ 31.Kf2 Rc2+ 32.Kf3 Rxb2 33.Rxd4 Rb7 34.Rd6 Kf7 35.Ra6 Kf6
36.g4 g6 37.g5+ Ke7 38.h4 Rc7 39.Kg4 Rb7 40.h5 Rc7 41.h6 Kd7 42.Kf3 Ke7 43.Ke3 Rc3+
44.Kd2 Rc7 45.Kd3 Kd7 46.Ra5 Ke7 47.Rb5 Kd6 48.Kd4 Rf7 49.Ke4 Rc7 50.Ke3 Rc3+
51.Kd4 Rf3 52.Ke4 Rc3 53.Ra5 Rc4+ 54.Ke3 Rc7 55.Kd4 Ke7 56.Rb5 Kd6 57.Rb8 Rf7
58.Ke4 Rc7 59.Rd8+ Ke7 60.Rg8 Kd6 61.Rg7 Rc4+ 62.Ke3 Rc7 63.Kd4 Rd7 64.Kc4 Kc6
65.Kb4 Rd4+ 66.Ka5 Rxf4 67.Rxh7 Rg4 68.Rh8 Kb7 69.Re8 Rxg5+ 70.Kb4 Rg4+ 71.Kc5 Rh4
72.Re7+ Ka6 73.h7 g5 74.Rxe6+ Ka5 75.Re7 a6 76.Ra7 g4 77.Kd4 Kxa4 78.Rxa6+ Kb5
79.Ra7 Kc6 80.Ke4 Kd6 81.Kf4 Rh1  1-0

[Event "Berlin Neukoelln"]
[Site "Berlin-West"]
[Date "1988.??.??"]
[Round "?"]
[White "Zsinka, Laszlo"]
[Black "Hermann, Manfred"]
[Result "1/2-1/2"]
[WhiteElo "2430"]
[BlackElo "2385"]

1.d4 d5 2.c4 c6 3.Nc3 Nf6 4.Nf3 dxc4 5.a4 Bf5 6.e3 e6 7.Bxc4 Bb4 8.O-O O-O
9.Qe2 Nbd7 10.e4 Bg6 11.e5 Nd5 12.Ne4 Be7 13.Bd2 a5 14.Rfd1 Nb4 15.Rac1 Nb6
16.Bxb4 Bxb4 17.Nc5 Qe7 18.Bb3 Rfd8 19.Ne1 Rab8 20.Qg4 Bf5 21.Qe2 Qg5 22.Qe3 Qe7
23.Ned3 Bxd3 24.Rxd3 Nd5 25.Qg3 Bxc5 26.dxc5 Rd7 27.Bxd5 Rxd5 28.Rxd5 cxd5  1/2-1/2

[Event "Berlin op"]
[Site "Berlin-West"]
[Date "1988.??.??"]
[Round "3"]
[White "Portisch, Ferenc"]
[Black "Soffer, Ram"]
[Result "1/2-1/2"]
[WhiteElo "2410"]
[BlackElo "2355"]

1.d4 d5 2.c4 c6 3.Nf3 Nf6 4.Nc3 dxc4 5.a4 Bf5 6.Ne5 e6 7.f3 Bb4 8.Nxc4 O-O
9.Bg5 c5 10.dxc5 Qxd1+ 11.Rxd1 Bc2 12.Rc1 Bxa4 13.Bxf6 gxf6 14.Ra1 Bb3 15.Nb6 Nc6
16.Nxa8 Rxa8 17.e3 Bxc5 18.Kf2 f5 19.Na4 Bb4 20.Bb5 Rd8 21.Bxc6 Rd2+ 22.Kg3 bxc6
23.Rhc1 Bd5 24.Nc5 Rxb2 25.Nd3 Bd6+ 26.Nf4 Rb7  1/2-1/2

[Event "Bern"]
[Site "Bern"]
[Date "1988.??.??"]
[Round "?"]
[White "Cebalo, Miso"]
[Black "Campora, Daniel H"]
[Result "1-0"]
[WhiteElo "2515"]
[BlackElo "2540"]

1.d4 d5 2.c4 c6 3.Nc3 Nf6 4.Nf3 dxc4 5.a4 Bf5 6.e3 e6 7.Bxc4 Bb4 8.O-O O-O
9.Nh4 Nbd7 10.f3 Bg6 11.Nxg6 hxg6 12.e4 e5 13.Be3 Qb6 14.Kh1 a5 15.f4 exd4
16.Bxd4 Bc5 17.Bxf6 Nxf6 18.e5 Qxb2 19.Rc1 Rad8 20.Qf3 Nd5 21.Nxd5 cxd5 22.Bxd5 Qd4
23.Rcd1 Qe3 24.Qxe3 Bxe3 25.Rf3 Bc5 26.e6 Rxd5 27.Rxd5 b6 28.exf7+ Kxf7 29.Rfd3 Rc8
30.g3 Kf6 31.Rd7 Re8 32.Kg2 Re4 33.Rc7 Rxa4 34.Rc6+ Ke7 35.Rxg6 Ra2+ 36.Kf3 a4
37.Rxg7+ Kf6 38.Ra7 a3 39.h4 b5 40.Ra6+ Ke7 41.Rd5 Rc2 42.Rh5 Kf7 43.Rh7+ Kg8
44.Rb7 a2 45.Ra8+ Bf8 46.Kg4 b4 47.h5 Rh2 48.f5  1-0

[Event "Brocco op"]
[Site "Brocco"]
[Date "1988.??.??"]
[Round "?"]
[White "Cebalo, Miso"]
[Black "Ninov, Kiril"]
[Result "1/2-1/2"]
[WhiteElo "2515"]
[BlackElo "2495"]

1.d4 d5 2.Nf3 Nf6 3.c4 c6 4.Nc3 dxc4 5.a4 Bf5 6.e3 e6 7.Bxc4 Bb4 8.O-O O-O
9.Nh4 Nbd7 10.f3 Bg6 11.e4 e5 12.dxe5 Nxe5 13.Be2 Nfd7 14.Nxg6 Nxg6 15.f4 Qe7
16.e5 Rfd8 17.Qb3 a5 18.Be3 Ngf8 19.Kh1 Ne6 20.Bc4 Nec5 21.Qc2 Nb6 22.Be2 Nd5
23.Bg1 Ne6 24.f5 Nef4 25.Nxd5 Nxd5 26.f6 Qxe5 27.fxg7 Nf4 28.Bc4 Rd2 29.Qb3 Qxg7
30.Qf3 Nd5 31.Rae1 Kh8 32.g3 Rf8 33.Re4 f5 34.Rh4 Be7 35.Rh5 Qg4 36.b3 Qxf3+
37.Rxf3 Rd1 38.Kg2 f4 39.Bd3 Rd2+ 40.Kh3 Rf7 41.Bd4+ Kg8 42.Ba7 Bd6 43.Bf5 Re2
44.Bd4 Re1  1/2-1/2

[Event "Noviki"]
[Site "Budapest"]
[Date "1988.??.??"]
[Round "?"]
[White "Franke, Heribert"]
[Black "Horvath, Jozsef"]
[Result "1/2-1/2"]
[WhiteElo "2360"]
[BlackElo "2495"]

1.d4 d5 2.c4 c6 3.Nf3 Nf6 4.Nc3 dxc4 5.a4 Bf5 6.Ne5 e6 7.f3 Bb4 8.e4 Bxe4
9.fxe4 Nxe4 10.Bd2 Qxd4 11.Nxe4 Qxe4+ 12.Qe2 Bxd2+ 13.Kxd2 Qh4 14.Qe3 Nd7
15.Nxd7 O-O-O 16.g3 Rxd7+ 17.Kc2 Qg4 18.Be2 Qf5+ 19.Kc1 Rhd8 20.Ra3 Rd4 21.Rd1 Qc5  1/2-1/2

[Event "Noviki"]
[Site "Budapest"]
[Date "1988.??.??"]
[Round "?"]
[White "Karolyi, Tibor Jr"]
[Black "Franke, Heribert"]
[Result "1-0"]
[WhiteElo "2450"]
[BlackElo "2360"]

1.d4 d5 2.c4 c6 3.Nf3 Nf6 4.Nc3 dxc4 5.a4 Bf5 6.e3 e6 7.Bxc4 Bb4 8.O-O Nbd7
9.Nh4 Bg6 10.Qb3 Qb6 11.g3 a5 12.Nxg6 hxg6 13.Rd1 O-O-O 14.h4 Qc7 15.e4 Bxc3
16.bxc3 Nxe4 17.Bf4 Nd6 18.Bxe6 fxe6 19.Qxe6 Rhe8 20.Qxd6 Qxd6 21.Bxd6 Re6
22.Bf4 Nb6 23.Be5 Rd7 24.f4 Kd8 25.Kf2 Ke8 26.Ke2 Kf7 27.Rdb1 Nd5 28.Kd3 Re8
29.c4 Nb4+ 30.Kc3 Ke6 31.g4 Rh8 32.Rh1 Rf7 33.Rh2 Kd7 34.Rah1 b5 35.axb5 cxb5
36.cxb5 Nd5+ 37.Kb3 Rc8 38.Ra1 Ke6 39.Rxa5 Rb7 40.Rc2  1-0

[Event "BUL-ch"]
[Site "BUL"]
[Date "1988.??.??"]
[Round "?"]
[White "Kolev, Atanas"]
[Black "Velikov, Petar"]
[Result "1/2-1/2"]
[WhiteElo "2395"]
[BlackElo "2475"]

1.d4 d5 2.c4 dxc4 3.Nf3 Nf6 4.Nc3 c6 5.a4 Bf5 6.Ne5 Na6 7.Bg5 Nb4 8.Rc1 h6
9.Bh4 e6 10.e3 Nd3+ 11.Nxd3 Bxd3 12.Bxd3 cxd3 13.Qxd3 Be7 14.O-O O-O 15.Qc2 Nd5  1/2-1/2

[Event "BUL-ch"]
[Site "BUL"]
[Date "1988.??.??"]
[Round "?"]
[White "Tsvetkov, Ilia"]
[Black "Velikov, Petar"]
[Result "1/2-1/2"]
[WhiteElo "2285"]
[BlackElo "2475"]

1.d4 d5 2.c4 dxc4 3.Nf3 Nf6 4.Nc3 c6 5.a4 Bf5 6.Ne5 Na6 7.e3 Nb4 8.Bxc4 e6
9.O-O Be7 10.Qe2 h6 11.e4 Bh7 12.Rd1 O-O 13.a5 b5 14.Bb3 a6 15.Bf4 Qc8 16.Ng4 Nxg4
17.Qxg4 Kh8 18.Be5 Rg8 19.Qh5 Qe8 20.Qh3 Qc8 21.Qf3 f6 22.Bg3 Rd8 23.Ne2 Re8
24.Nf4 Bf8 25.e5 f5 26.h4 g6 27.Rac1 Qd7 28.Qe2 Rac8 29.f3 Kg7 30.Be1 Bg8
31.Bc3 Kh7 32.Qe1 Nd5 33.Nxd5 cxd5 34.Bb4 Bf7 35.Bxf8 Rxf8 36.Qb4 Rxc1 37.Rxc1 Rc8
38.Qd2  1/2-1/2

[Event "Caorle op"]
[Site "Caorle"]
[Date "1988.??.??"]
[Round "1"]
[White "Ilic, Ognjen"]
[Black "Redepogic, R."]
[Result "1/2-1/2"]
[WhiteElo "2420"]
[BlackElo "2330"]

1.d4 d5 2.Nf3 Nf6 3.c4 c6 4.Nc3 dxc4 5.a4 Bf5 6.e3 e6 7.Bxc4 Bb4 8.O-O O-O
9.Nh4 Bg6 10.f3 Nd5 11.Nxg6 hxg6 12.Na2 Bd6 13.g3 a5 14.Nc3 Nd7 15.e4 N5b6
16.Ba2 e5 17.Be3 Qe7 18.Qd2 exd4 19.Bxd4 Bc5 20.Rad1 Rad8 21.Qf2 Bxd4 22.Rxd4 Nc5
23.Rfd1 Nbxa4 24.Nxa4 Nxa4 25.Kg2 Rxd4 26.Rxd4 Nc5 27.Qd2 a4 28.Rd6 Nb3 29.Bxb3 axb3
30.Rd3 g5 31.g4 Ra8 32.Rxb3 Rd8 33.Rd3 Rxd3 34.Qxd3 Qf6 35.Qd2 g6 36.Kf2 Qe5
37.Ke1 Kg7 38.Kd1 Qc5 39.Ke2 b5 40.b4 Qc4+ 41.Ke3 c5 42.Qb2+ Kg8 43.bxc5 Qxc5+
44.Qd4 Qc1+ 45.Kd3 Qd1+ 46.Ke3 Qg1+ 47.Kd3 Qh1 48.Ke3 Qxh2 49.Qd8+ Kg7 50.Qxg5 Qb2
51.Qc5 Qb3+ 52.Ke2 Kf6 53.g5+ Ke6 54.Qc6+ Ke7 55.Qc7+ Kf8 56.Qb8+  1/2-1/2

[Event "Caorle op"]
[Site "Caorle"]
[Date "1988.??.??"]
[Round "3"]
[White "Grooten, Herman"]
[Black "Lagrotteria, Salvatore"]
[Result "0-1"]
[WhiteElo "2325"]
[BlackElo "2045"]

1.d4 Nf6 2.Nf3 d5 3.c4 c6 4.Nc3 dxc4 5.a4 Bf5 6.e3 e6 7.Bxc4 Bb4 8.O-O O-O
9.Qe2 Bg6 10.Ne5 Nbd7 11.f4 Nxe5 12.fxe5 Ne4 13.Nxe4 Bxe4 14.Rf4 Bg6 15.h4 h5
16.b3 a6 17.Bb2 b5 18.Bd3 Qd5 19.Bxg6 fxg6 20.Rxf8+ Rxf8 21.axb5 axb5 22.Qc2 Kh7
23.Rc1 Be7 24.e4 Qd8 25.g3 Bxh4 26.gxh4 Rf4 27.Bc3 Qxh4 28.Be1 Qg5+ 29.Kh2 Rf1
30.Qe2 Qg1+ 31.Kh3 Qh1+ 32.Kg3 Rg1+ 33.Kf4 Qh3 34.Qf3 Rf1 35.Bf2 Qh2+ 36.Ke3 Rxc1
37.Kd2 Ra1  0-1

[Event "DEN-chB"]
[Site "?"]
[Date "1988.??.??"]
[Round "2"]
[White "Bang, Andreas"]
[Black "Sorensen, Torben"]
[Result "1-0"]
[WhiteElo "2245"]
[BlackElo "2360"]

1.Nf3 Nf6 2.c4 c6 3.Nc3 d5 4.d4 dxc4 5.a4 Bf5 6.Nh4 Bc8 7.e3 e5 8.Bxc4 exd4
9.exd4 Be7 10.O-O O-O 11.Re1 a5 12.Bg5 Bb4 13.Qb3 Nbd7 14.Ne4 h6 15.Ng6 hxg5
16.Nxg5 Ne5 17.Rxe5 Nd5 18.Nxf8 Bd6 19.Bxd5 cxd5 20.Rxd5 Qxf8 21.Rxd6  1-0